| 000 | 01097cam a2200265 i 4500 | ||
|---|---|---|---|
| 003 | SA-RiAUC | ||
| 005 | 20240927151302.0 | ||
| 008 | 240925s1981 jo g 00000 ara c | ||
| 040 |
_aSA-RiAUC _bara _cSA-RiAUC _erda |
||
| 050 | 4 | _bA28 1981 | |
| 082 | 0 | 4 |
_a252.7 _qSA-RiAUC |
| 090 |
_a252.7 _bا ب و ف |
||
| 100 | 1 |
_aأبو فارس، محمد عبد القادر، _d1938-2015 _eمؤلف. |
|
| 245 | 1 | 0 |
_aحكم اللحوم المستوردة إلى بلاد المسلمين / _cبقلم محمد عبد القادر أبو فارس. |
| 250 | _aالطبعة الأولى. | ||
| 264 | 1 |
_aعمان، الأردن : _bدار العدوي للطباعة والنشر والتوزيع، _c1981 |
|
| 300 |
_a136 صفحة ؛ _c16 سم |
||
| 336 |
_aنص _btxt _2rdacontent _3كتاب |
||
| 337 |
_aبدون وسيط _bn _2rdamedia |
||
| 338 |
_aمجلد _bnc _2rdacarrier |
||
| 650 | 7 |
_aصناعة وتجارة اللحوم (فقه إسلامي) _2aucsh |
|
| 650 | 7 |
_aالذبائح (فقه إسلامي) _2aucsh |
|
| 942 |
_2ddc _cBOOK _n0 |
||
| 949 |
_aSA-JeALM _d240925 _umohamedma123 _n1 |
||
| 999 |
_c582 _d582 |
||